000 01495cam a22001934a 4500
005 20250605164339.0
008 250528s ||||||||||||||||||||||||d
035 _a23559
040 _aGR-AtMCL
_bgre
_dGR-AtMCL
_eAACR2
245 1 _aΗ Εφαρμογή του HR σε Μικρομεσαία Οικογενειακή Ξενοδοχειακή Επιχείρηση
260 _c2012
300 _a44
520 _aΠερίληψη, Εισαγωγή, Αρμοδιότητες Τμήματος HR Ξενοδοχείων, Εργασία και Πολιτικές Απασχόλησης Ξενοδοχείων, Επιλογή Συστήματος Διοίκησης (Αυταρχικό - Δημοκρατικό), Προβλήματα Εφαρμογής του HR σε Μικρά Οικογενειακά Ξενοδοχεία και Τρόποι Αντιμετώπισης, Επιλογή και Πρόσληψη Προσωπικού, Εκπαίδευση Προσωπικού στα Ξενοδοχεία, Κίνητρα και Αμοιβές, Η Συμβολή του HR στα Κέρδη του Ξενοδοχείου, Αντιμετώπιση Συγκρούσεων, Μεθοδολογία, Συμπεράσματα, Βιβλιογραφία Ελληνική - Διεθνής, Ηλεκτρονικές Πηγές.
700 1 _aΑρβανιτάκης Ανδριανός
_99138
700 1 _aΒασαλάκης Δημήτριος
_99139
942 _cDS
999 _c8560
_d8560